Military Leaders of World War 2 - Statistics

General Stats
  • This quiz has been taken 62 times
    49 since last reset
  • The average score is 10 of 52
Answer Stats
Picture Answer % Correct
Erwin Rommel
97%
George S. Patton
97%
Bernard Montgomery
95%
Douglas Macarthur
95%
Georgy Zhukov
92%
Dwight D. Eisenhower
89%
Isoroku Yamamoto
58%
Omar Bradley
55%
Karl Donitz
34%
George Marshall
32%
Josip Broz Tito
24%
Heinz Guderian
21%
Erich Von Manstein
18%
Chester W. Nimitz
16%
Wilhelm Keitel
13%
Konstantin Rokossovsky
11%
Alan Brooke
8%
Andrew Cunningham
8%
Erich Raeder
8%
Ernest King
8%
Ivan Konev
8%
Maxime Weygand
8%
Semyon Budyonny
8%
Walter Model
8%
William Slim
8%
Andrey Vlasov
5%
Fedor Von Bock
5%
Harold Alexander
5%
Kliment Voroshilov
5%
Miles Dempsey
5%
Tomoyuki Yamashita
5%
Archibald Wavell
3%
Charles Foulkes
3%
Gerd von Rundstedt
3%
Giovanni Messe
3%
Gunther von Kluge
3%
Harry Crerar
3%
Kurt Student
3%
Li Zongren
3%
Walter Kreuger
3%
Alexandros Papagos
0%
Claude Auchinleck
0%
Edward Rydz-Smigly
0%
Felix Steiner
0%
James Somerville
0%
Jean de Lattre de Tassigny
0%
Mark W. Clark
0%
Maurice Gamelin
0%
Rodolfo Graziani
0%
Royal E. Ingersoll
0%
Shizuichi Tanaka
0%
Ugo Cavallero
0%
No matching quizzes found
Score Distribution
Percent of People with Each Score
Percentile by Number Answered
Your Score History
You have not taken this quiz since the last reset